000 00984nam a22002775i 4500
001 13639
003 ES-MaACL
005 20230906150629.0
007 t|
008 930602s1993 sp ||||0| spa j
020 _a84-7483-912-2
040 _aM-BN
_bspa
_cM-BN
080 _a904(460.182 Sasamón)
100 0 _aAbásolo Alvarez, José Antonio,
_917982
245 1 0 _aExcavaciones en Sasamón (Burgos) /
_cJosé Antonio Abásolo, Rosario García.
250 _a1ª ed.
260 _aMadrid :
_bInstituto de Conservación y Restauración de Bienes Culturales,
_c1993.
300 _a196 p. :
_bil. ;
_c29 cm.
490 1 _aExcavaciones arqueológicas en España ;
_v164
650 1 4 _aExcavaciones arqueológicas-
_zSasamón.
_912647
651 4 _aSasamón-
_xRestos arqueológicos.
_99371
700 1 _aGarcía Huerta, Rosario.
_954780
830 0 _aExcavaciones arqueológicas en España ;
_v164
_9177264
852 _aES-MaACL
_jL-21019
_bR.121589
999 _c13639
_d13639